Las maravillas de la selva / (Registro nro. 13104)
[ vista simple ]
| 000 -LIDER | |
|---|---|
| fixed length control field | 00669nam a22002177a 4500 |
| 003 - IDENTIFICACDOR DE NÚMERO DE CONTROL | |
| control field | DO-SdBNP |
| 005 - DATE AND TIME OF LATEST TRANSACTION | |
| control field | 20171124154743.0 |
| 008 - ELEMENTOS DE LONGITUD FIJA | |
| fixed length control field | 171124b 1977 sp a|| |||| 00| 0 spa d |
| 020 ## - ISBN | |
| International Standard Book Number | 8485146549 |
| 040 ## - FUENTE DE CATALOGACIÓN | |
| Agencia que crea de manera original el registro | BPMSU |
| Idioma de catalogación | spa |
| Agencia que realiza la transcripción | BPMSU |
| 082 ## - NÚMERO DE CLASIFICACIÓN DECIMAL DE DEWEY | |
| Classification number | xxxxx |
| Item number | xxxxx |
| 100 1# - ASIENTO PRINCIPAL -- NOMBRE PERSONAL | |
| Nombre personal | Disney, Walt |
| 245 13 - MENCIÓN DE TITULO | |
| Título | Las maravillas de la selva / |
| Mención de responsabilidad | Walt Disney ; adaptación Georges Sherman |
| 260 ## - PUBLICACIÓN, DISTRIBUCIÓN, ETC. (PIE DE IMPRENTA) | |
| Lugar de publicación, distribución, etc | España : |
| Nombre del editor, distribuidor, etc. | Mas-Ivars, |
| Fecha de publicación, distribución, etc | 1977. |
| 300 ## - DESCRIPCIÓN FÍSICA | |
| Extensión | 176 p. : |
| Otros detalles físicos | il. ; |
| Dimensiones | 28 cm. |
| 500 ## - NOTA GENERAL | |
| Nota general | Una descripción apasionante de la vida de la selva. |
| 700 1# - ASIENTO SECUNDARIO -- NOMBRE PERSONAL | |
| Nombre personal | Sherman, Georges |
| 942 ## - ADDED ENTRY ELEMENTS (KOHA) | |
| Source of classification or shelving scheme | Dewey Decimal Classification |
| Koha item type | Libros |
| 945 ## - INFORMACIÓN DE PROCESAMIENTO LOCAL | |
| Información de procesamiento local | Inventariado extranjero / 2017 BT |
| 956 ## - LOCAL ELECTRONIC LOCATION AND ACCESS (OCLC) | |
| Nombre de host | BTAVAREZ |
| Número de acceso | 10 |
| Información de compresión | 2011124 |
| Trayectoria | 0038 |
| Withdrawn status | Lost status | Source of classification or shelving scheme | Damaged status | Not for loan | Collection code | Home library | Current library | Date acquired | Source of acquisition | Total Checkouts | Full call number | Barcode | Date last seen | Price effective from | Koha item type |
|---|---|---|---|---|---|---|---|---|---|---|---|---|---|---|---|
| Dewey Decimal Classification | Colección General | Biblioteca Pública Metropolitana Salomé Ureña | Biblioteca Pública Metropolitana Salomé Ureña | 11/24/2017 | FUNDI | xxxxx xxxxx | BPMSU17110435 | 11/24/2017 | 11/24/2017 | Libros |